| 000 | 00368nam a2200157Ia 4500 | ||
|---|---|---|---|
| 008 | 230312s9999||||xx |||||||||||||| ||und|| | ||
| 020 | _a0-7817-7404-8 | ||
| 082 |
_a616.7 _bCAE-F |
||
| 100 | _aCael;Christy | ||
| 245 | 0 | _aFunctional Anatomy | |
| 260 |
_bLippincott _aChina _c2010 |
||
| 300 | _a446 | ||
| 546 | _aEng. | ||
| 650 |
_aPhysiotherapy _vAnatomy |
||
| 942 | _cBK | ||
| 999 |
_c7988 _d7988 |
||